| 000 | 01289nam a2200301 i 4500 | ||
|---|---|---|---|
| 001 | 180772 | ||
| 003 | ES-MaACL | ||
| 005 | 20250704063125.0 | ||
| 008 | 120711s2011 sp |||| |dspa d | ||
| 020 | _a978-84-937462-4-7 | ||
| 080 | _a27(460) | ||
| 080 | _a261.7"04/14" | ||
| 100 | 1 |
_aCastro, Fernando de, _d1814-1874 _9150497 |
|
| 245 | 1 | 0 |
_aCaracteres históricos de la Iglesia / _cFernando de Castro ; prólogo de Rafael Serrano García. |
| 260 |
_aPamplona : _bUrgoiti, _c[2011] |
||
| 300 |
_aCXXI, 200 p. : _b1 retr. ; _c20 cm. |
||
| 490 | 1 |
_aColección historiadores ; _v13 |
|
| 500 | _aÍndice onomástico. | ||
| 504 | _aBibliografía: p. CXIII-CXXI. | ||
| 505 | 8 |
_aContiene: ; _tFernando de Castro (1814-1874): recorrido vital y búsquedas intelectuales de un clérigo krausista / _rRafael Serrano García. -- _tCaracteres históricos de la Iglesia española ; _tEl pontificado y el imperio / _rFernando de Castro |
|
| 650 | 7 |
_aIglesia y Estado- _yS.V-XV. _9150926 |
|
| 651 | 7 |
_aEspaña- _xHistoria eclesiástica. _98368 |
|
| 700 | 1 |
_aSerrano García, Rafael. _9105756 |
|
| 830 | 0 |
_aColección historiadores ; _v13 _9224643 |
|
| 852 |
_aES-MaACL _jA-12135 _9187680 _bR.147073 _cDEPO1 _dOlim: N-5140 |
||
| 942 |
_2udc _cMONOGRAFIA |
||
| 999 |
_c180772 _d180772 |
||